| 000 | 00955nam a2200265 i 4500 | ||
|---|---|---|---|
| 001 | bg | ||
| 100 | 1 | _aSZWEMIN, Piotr | |
| 245 | 1 | 0 |
_aModelowanie przepływu gazu w układach wzorców wysokich próżni / _cPiotr Szwemin. |
| 260 |
_aWarszawa : _bOficyna Wydawnicza PW, _c2003. |
||
| 300 |
_a206 s. : _bil. ; _c24 cm. |
||
| 490 | 1 |
_aPrace Naukowe. Elektronika / Politechnika Warszawska ; _v0137-2343 |
|
| 500 | _aOpis wg okł. - W nagł. odmienny tyt. serii: Prace Naukowe Politechniki Warszawskiej. - Streszcz. ang. | ||
| 500 | _aNumeracja ser. gł. : z. 148. | ||
| 504 | _aBibliogr. | ||
| 650 | 9 | _aTechnika próżniowa | |
| 650 | 9 |
_aPrzepływ _xbadanie _xmetody |
|
| 650 | 9 |
_aGazy _xbadanie |
|
| 650 | 9 |
_aMetoda Monte Carlo _xstosowanie _xfizyka |
|
| 830 | 0 | _aPrace Naukowe. Elektronika (Politechnika Warszawska) ; | |
| 040 | _cBPK | ||
| 041 | 0 |
_apol _beng |
|
| 080 | _a533.5:519.2 | ||
| 942 | _cKS | ||
| 008 | s pl f |000 0 pol | ||
| 999 |
_c44158 _d44158 |
||
| 856 |
_uhttp://koha.tu.koszalin.pl/cgi-bin/koha/opac-detail.pl?biblionumber=44158 _yKatalog online BPK |
||